00627nam a2200205Ia 450000500170000001000280001702000260004502000230007103500170009403500130011103700260012403700130015008200120016310000170017524501030019225000110029526000340030627000420034030000390038220150224125550.0 aBAC-EN21 ENG-111813 a9788131522950c550.00 a8131522954c550.00 aB-586459-487 aEN-95345 bAsian Book Centre/Ven bDBAD/PUB a535.028 aSharma, B.M. aPhysics for joint entrance examination JEE (Advanced) :b optics & modern physics /cby B.M.Sharma a2nd ed c2014aDelhibCengage Learning a418, F.I.E.,PatparganjbDelhie110092 c28cm(pbk)avarious pagings :bill.